Boggle Words - Statistics

General Stats
  • This quiz has been taken 38 times
  • The average score is 27 of 38
Answer Stats
Hint Answer % Correct
East
97%
Eat
97%
Sea
97%
Sea
97%
AEST Ate
94%
Tea
94%
Teas
94%
Sat
91%
Seat
91%
Ear
85%
Eats
85%
Sear
85%
Ras
82%
Set
82%
AERS Are
76%
(4) Ates
73%
Rase
73%
Tas
73%
Ears
70%
Era
70%
Eras
70%
(4) Ares
67%
Est
67%
Tes
67%
Tase
64%
Sate
61%
Ser
61%
Res
58%
Sae
58%
Sae
58%
Tae
58%
Ars
55%
Ats
55%
Eta
55%
Ers
45%
Etas
42%
Sera
36%
Seta
33%
No matching quizzes found
Score Distribution
Percent of People with Each Score
Percentile by Number Answered
Your Score History
You have not taken this quiz